[Event "Medellin Aristizabal Cup"]
[Site "Medellin"]
[Date "2020.02.02"]
[Round "6"]
[White "Montoya, Mariangel"]
[Black "Manrique Bermudez, Josue"]
[Result "0-1"]
[WhiteElo "1387"]
[BlackElo "1325"]
[PlyCount "42"]
[EventDate "2020.01.29"]
[EventType "swiss"]
[EventRounds "7"]
[EventCountry "COL"]
[SourceTitle "CBM 194 Extra"]
[Source "ChessBase"]
[SourceDate "2020.03.31"]
[SourceVersion "1"]
[SourceVersionDate "2020.03.31"]
[SourceQuality "1"]

1. e4 e5 2. Nf3 Nc6 3. Bc4 Bc5 4. c3 Nf6 5. d3 0-0 6. 0-0 d5 7. exd5 Nxd5 8. Re1 Re8 9. Qb3 Be6 10. Nxe5 Nxe5 11. Rxe5 Bxf2+ 12. Kh1 Qf6 13. d4 Nb6 14. Bxe6 Bxd4 15. Rf5 Qxf5 16. h3 Qf1+ 17. Kh2 Be5+ 18. g3 Qf2+ 19. Kh1 Bxg3 20. Bxf7+ Kh8 21. Bxe8 Qh2# 0-1

[Event "Medellin Aristizabal Cup"]
[Site "Medellin"]
[Date "2020.02.01"]
[Round "4"]
[White "Montoya, Mariangel"]
[Black "Cuervo Velasquez, Juan Manuel"]
[Result "0-1"]
[WhiteElo "1387"]
[BlackElo "1149"]
[PlyCount "82"]
[EventDate "2020.01.29"]
[EventType "swiss"]
[EventRounds "7"]
[EventCountry "COL"]
[SourceTitle "CBM 194 Extra"]
[Source "ChessBase"]
[SourceDate "2020.03.31"]
[SourceVersion "1"]
[SourceVersionDate "2020.03.31"]
[SourceQuality "1"]

1. e4 c5 2. Nf3 d6 3. d4 cxd4 4. Nxd4 Nf6 5. Nc3 a6 6. Bc4 e6 7. 0-0 b5 8. Bb3 Nbd7 9. Qf3 Qc7 10. Bd2 Nc5 11. a4 Nxb3 12. cxb3 b4 13. Na2 e5 14. Rac1 Qb7 15. Nc6 a5 16. Bg5 Bd7 17. Bxf6 Bxc6 18. Bh4 Bxe4 19. Qg3 h6 20. f3 Bd5 21. Qf2 Bxb3 22. f4 Bxa2 23. fxe5 dxe5 24. Bg3 f6 25. Qc2 Be6 26. Rfd1 Rc8 27. Qd3 Kf7 28. Qb5 Qxb5 29. axb5 Rxc1 30. Rxc1 Bd6 31. Rc6 Ke7 32. Ra6 Bc5+ 33. Bf2 Bxf2+ 34. Kxf2 Bd5 35. Rxa5 Ra8 36. Rxa8 Bxa8 37. Ke2 Kd6 38. g3 Kc5 39. b3 Kxb5 40. Ke3 Bd5 41. Kd3 Bxb3 0-1